Group inverses of m-matrices and their applications
Αποθηκεύτηκε σε:
| Κύριος συγγραφέας: | |
|---|---|
| Άλλοι συγγραφείς: | |
| Μορφή: | Βιβλίο |
| Γλώσσα: | English |
| Δημοσίευση: |
Boca Raton :
CRC Press,
c2013
|
| Σειρά: | Chapman & Hall/CRC applied mathematics and nonlinear science series
|
| Θέματα: | |
| Ετικέτες: |
Προσθήκη ετικέτας
Δεν υπάρχουν, Καταχωρήστε ετικέτα πρώτοι!
|
MARC
| LEADER | 00000nam a2200000 i 4500 | ||
|---|---|---|---|
| 001 | 1/34901 | ||
| 008 | 130821s2013 eng d | ||
| 020 | |a 978-1-4398-8858-2 (hbk.) | ||
| 035 | |l 10115364 | ||
| 040 | |a GR-MY-UA |b gre |e aacr | ||
| 041 | 0 | |a eng | |
| 082 | 0 | |a 512.9434 |2 (22) | |
| 100 | 1 | |a Kirkland, Stephen J. | |
| 245 | 1 | 0 | |a Group inverses of m-matrices and their applications / |c Stephen J. Kirkland, Michael Neumann |
| 260 | |a Boca Raton : |b CRC Press, |c c2013 | ||
| 300 | |a xv, 316 σ.; |b διαγρ.; |c 24 εκ. | ||
| 490 | 1 | |a Chapman & Hall/CRC applied mathematics and nonlinear science series | |
| 504 | |a Βιβλιογραφία: σ.303-311 | ||
| 504 | |a Ευρετήριο: σ.313-316 | ||
| 650 | 0 | 0 | |a Matrices. |
| 650 | 0 | 0 | |a Inverse problems (Differential equations) |
| 650 | 0 | 0 | |a Mathematics. |
| 700 | 1 | |a Neumann, Michael. | |
| 830 | 0 | |a Chapman & Hall/CRC applied mathematics and nonlinear science series | |
| 852 | |a INST |b CHIOS |e 20130821 |h 512.9434 KIR |p 005200034796 |q 005200034796 |t BK |y 0 | ||
| 901 | |a BIBL2-2013-2 | ||
| 909 | |a Χ |b 181651 | ||
| 922 | |a 2ΕΛΗ |b 201307 |c ΤΑΚ/ΤΜΟΔ |d ΔΡΕΣ | ||
| 970 | |a ΣΠΕΝΤΖΑ |b ΕΛΕΝΗ |z 2013/08/21 | ||